| 000 | 00784nam a2200229 a 4500 | ||
|---|---|---|---|
| 001 | 41575 | ||
| 003 | BD-RjUL | ||
| 005 | 20211209053420.0 | ||
| 008 | 160602s1991 bg ||||| |||| 00| 0 ben d | ||
| 020 | _c : Tk.45.00 | ||
| 035 | _a(BD-RjUL)41693 | ||
| 040 |
_aBD-RjUL _bben _cBD-RjUL |
||
| 041 | _aben | ||
| 082 |
_223 _a297.634 _bUDH 1991 |
||
| 100 |
_aউদ-দীন, মুহাম্মদ হাসার _9127742 |
||
| 245 | 1 | 0 |
_aহিজরত / _cমুহাম্মদ হাসার উদ-দীন, |
| 260 |
_aনাটোর : _bমির্জা মাহবুব- আরা হাফিজ, _c১৯৯১ |
||
| 300 |
_a[২], ১৪৭ পৃ. ; _c২১ সেমি. |
||
| 650 |
_aহিজরত _9127743 |
||
| 650 |
_aHijrah _9127744 |
||
| 942 |
_2ddc _cBK |
||
| 999 |
_c41575 _d41575 |
||